International petroleum accounting /

Bibliographic Details
Main Author: Wright, Charlotte J., (Author)
Format: eBook
Language:English
Published: Nashville, Tennessee : PennWell, [2019]
Edition:Second edition.
Subjects:
Online Access:Click to View
LEADER 01364nam a2200373 i 4500
001 EBC6468139
003 MiAaPQ
005 20210621130549.0
006 m o d |
007 cr cnu||||||||
008 210621s2019 tnu o 001 0 eng d
020 |z 9781593701796  |q (electronic bk.) 
035 |a (MiAaPQ)EBC6468139 
035 |a (Au-PeEL)EBL6468139 
035 |a (OCoLC)1236266741 
040 |a MiAaPQ  |b eng  |e rda  |e pn  |c MiAaPQ  |d MiAaPQ 
050 4 |a HF5686.P3  |b .W754 2019 
082 0 |a 657.862  |2 23 
100 1 |a Wright, Charlotte J.,  |e author. 
245 1 0 |a International petroleum accounting /  |c Charlotte J. Wright. 
250 |a Second edition. 
264 1 |a Nashville, Tennessee :  |b PennWell,  |c [2019] 
264 4 |c 2019 
300 |a 1 online resource (597 pages) 
336 |a text  |b txt  |2 rdacontent 
337 |a computer  |b c  |2 rdamedia 
338 |a online resource  |b cr  |2 rdacarrier 
500 |a Includes index. 
588 |a Description based on print version record. 
590 |a Electronic reproduction. Ann Arbor, MI : ProQuest, 2018. Available via World Wide Web. Access may be limited to ProQuest affiliated libraries. 
650 0 |a Petroleum industry and trade  |x Accounting. 
655 4 |a Electronic books. 
797 2 |a ProQuest (Firm) 
856 4 0 |u https://ebookcentral.proquest.com/lib/matrademy/detail.action?docID=6468139  |z Click to View